000 00917nam a22001937a 4500
005 20230825105844.0
008 230823b |||||||| |||| 00| 0 eng d
020 _a9781906388140
041 _aeng
082 _a746.92
_bHOU
100 _aHoughton Lizzie
_9204411
245 _aFelting Fashion : Creative & Inspirational Techniques for Felt-makers
260 _aLondon
_bBatsford
_c2009
300 _a127
365 _b1572.37
_cRs.00
520 _a• Equipment for Feltmaking • How to Make Felt • Working with Cords, Spikes & Balls • Working with Network Felt • Using Resist & Templates • Embellishment • Making Hats • Seamless Felt Jacket • Nuno Felt • Nuno-Felt vest top • Nuno-felt Jackets • Dyeing wool & silk with acid dyes • Nuno-felt jackets using a template • Mosaic jacket • Long & Full-skirted nuno-felt coat
650 _aFashion
_9204412
942 _cBK
999 _c355875
_d355875